ਮੰਟੋ ਕੌਣ ਸੀ / (Record no. 88609)
[ view plain ]
| 000 -LEADER | |
|---|---|
| fixed length control field | 00809nam a22002537a 4500 |
| 005 - DATE AND TIME OF LATEST TRANSACTION | |
| control field | 20180210111213.0 |
| 008 - FIXED-LENGTH DATA ELEMENTS--GENERAL INFORMATION | |
| fixed length control field | 131126b xxu||||| |||| 00| 0 pun d |
| 010 ## - LCCN (DPL NO) | |
| LC control number | PUN- B-669922 |
| 020 ## - INTERNATIONAL STANDARD BOOK NUMBER | |
| Terms of availability | 395.00 |
| International Standard Book Number | 9789351132073 |
| 035 ## - SYSTEM CONTROL NUMBER | |
| System control number | PN- |
| 035 ## - SYSTEM CONTROL NUMBER | |
| System control number | B-669922 |
| 037 ## - SOURCE OF ACQUISITION | |
| Source of stock number/acquisition | DBAD / PUB |
| 037 ## - SOURCE OF ACQUISITION | |
| Source of stock number/acquisition | Lokgeet prakashan |
| 040 ## - CATALOGING SOURCE | |
| Original cataloging agency | dpl |
| Language of cataloging | pn |
| 082 ## - DEWEY DECIMAL CLASSIFICATION NUMBER | |
| Classification number | 921 |
| 245 ## - TITLE STATEMENT | |
| Title | ਮੰਟੋ ਕੌਣ ਸੀ / |
| Statement of responsibility, etc | ਪ੍ਰੇਮ ਪ੍ਰਕਾਸ਼ |
| 246 ## - VARYING FORM OF TITLE | |
| Title proper/short title | Manto kaun si |
| Remainder of title | by Prem prakash |
| 260 ## - PUBLICATION, DISTRIBUTION, ETC. (IMPRINT) | |
| Place of publication, distribution, etc | Chandigarh |
| Name of publisher, distributor, etc | Unistar Books |
| Date of publication, distribution, etc | 2013 |
| 270 ## - ADDRESS | |
| City | Chandigarh |
| Address | sco.26-27,sector-34 A, |
| Telephone number | 0172-5077427 |
| Postal code | 160022 |
| 300 4# - PHYSICAL DESCRIPTION | |
| Extent | 271p. |
| Dimensions | 22ਸੇਂਮੀ (ਸਜਿਲੱਦ) |
| 942 ## - ADDED ENTRY ELEMENTS (KOHA) | |
| Source of classification or shelving scheme | Dewey Decimal Classification |
| Item type | Punjabi Bks |
| Classification part | 921 |
| Call number suffix | ਮੰਟੋਕੋ |
| Withdrawn status | Lost status | Source of classification or shelving scheme | Damaged status | Not for loan | Collection code | Home library | Current library | Date acquired | Source of acquisition | Cost, normal purchase price | Total Checkouts | Full call number | Date last seen | Copy number | Cost, replacement price | Koha item type | Barcode |
|---|---|---|---|---|---|---|---|---|---|---|---|---|---|---|---|---|---|
| Dewey Decimal Classification | Non-fiction | Ashok Vihar | Ashok Vihar | 03/11/2017 | BPPD/PUN/2016-17/932/7-3-2017 | 395.00 | 921 ਮੰਟੋਕੋ | 03/11/2017 | 1 | 395.00 | Punjabi Bks | B-669922 | |||||
| Dewey Decimal Classification | Non-fiction | D.B.Act.Division | D.B.Act.Division | 12/09/2014 | DBAD | 395.00 | 921 ਮੰਟੋਕੋ | 12/09/2014 | 1 | 395.00 | Punjabi Bks |
